000 00693nam a2200205Ia 4500
003 GCL
008 140319s9999 xx 000 0 ara d
040 _aGCL /
_cGCL
082 0 4 _aد
_b050
100 1 _aعلى خليفة الكوارى
245 1 0 _aدور المشروعات العامة فى التنمية الاقتصادية (عالم المعرفة 42) /
_cعلى خليفة الكوارى
300 _a286 ص
490 _aعالم المعرفة
_v0
650 0 4 _aالاقتصاد
650 0 4 _aالاحوال الاقتصادية
650 0 4 _aالتنمية الاقتصادية
650 0 4 _aالمشروعات
650 0 4 _aالمرافق العامة
942 _2ddc
_cBK
999 _c50361
_d50361